| 000 | 00707nam a22002297a 4500 | ||
|---|---|---|---|
| 003 | OSt | ||
| 005 | 20251024053242.0 | ||
| 008 | 251024b |||||||| |||| 00| 0 eng d | ||
| 020 | _a0-471-472-56-5. | ||
| 040 |
_aDWCL-Main lib _cOC |
||
| 082 | _aCirc. 625.7 M283p 2005 | ||
| 100 | _aMannering, Fred L. | ||
| 245 | _aPrinciples of highway engineering and traffic analysis | ||
| 260 |
_aN. J. : _bJohn Wiley & Sons, Inc., _cc2005. |
||
| 300 |
_avii/ 372 pages. : _billusration ; _c24 cm. |
||
| 504 | _aIncludes index. | ||
| 650 | _21. Highway Engineering. | ||
| 650 | _22. Traffic Engineering. | ||
| 700 | _aKilareski, Walter P. | ||
| 700 | _aWashburn, Scott | ||
| 942 |
_2ddc _cBK-CIRC _e3rd ed. _kCirc. _n0 |
||
| 999 |
_c5103 _d5103 |
||